Harry Potter Battles - Statistics

General Stats
  • This quiz has been taken 38 times
    37 since last reset
  • The average score is 6 of 9
Answer Stats
Hint Answer % Correct
Bellatrix, Voldemort, Lupin, Tonks and more Hogwarts
90%
Basilisk Chamber of Secrets
87%
Dobby Malfoy Manor
80%
Dumbledore Astronomy Tower
73%
Cedric Graveyard
70%
Sirius Department of Mysteries
67%
Hedwig, Mad eye 7 Potters
63%
No one, but is at the burrow Wedding
33%
No one, but Mcgonagall and ministry workers are knocked unconscious Courtyard
13%
No matching quizzes found
Score Distribution
Percent of People with Each Score
Percentile by Number Answered
Your Score History
You have not taken this quiz since the last reset